[Event "BL 2018-19"]
[Site "Berlin"]
[Date "2019.03.23"]
[Round "12.5"]
[White "Heinemann, Thies"]
[Black "Adams, Michael"]
[Result "0-1"]
[WhiteElo "2521"]
[BlackElo "2706"]
[Annotator "TA"]
[PlyCount "127"]
[EventDate "2018.11.10"]
[EventType "team-tourn"]
[EventCountry "GER"]
[SourceTitle "playchess.com"]
[Source "ChessBase"]
[SourceQuality "1"]
[WhiteTeam "Hamburg SK"]
[BlackTeam "Baden-Baden"]

{[%evp 22,127,24,12,42,40,37,32,56,51,61,50,116,53,53,42,35,0,0,0,0,0,0,0,0,-52,-54,-45,-30,-23,-3,-37,-19,-31,-12,-13,-21,-29,-28,-21,0,0,0,-7,0,0,0,0,0,0,0,0,536,487,525,527,527,470,488,480,554,518,577,534,572,537,461,500,514,510,478,500,539,554,555,437,416,399,399,339,472,470,511,522,469,458,445,110,269,94,102,0,0,0,16,-29978,-29980,-29984,-29985,-29985,-29986,-29986,-29987,-29987,-29988,-29988,-12841,-29998]} 1. e4 e5 2. Nf3 Nc6 3. Nc3 Nf6 4. d4 exd4 5. Nxd4 Bb4 6. Nxc6 bxc6 7. Bd3 O-O 8. O-O Re8 9. Qf3 Rb8 10. Bg5 {C47: Scotch Four Knights and Four Knights with 4 g3} (10. h3 Bd6 11. Rb1 Be5 12. Bf4 d6 13. Bxe5 Rxe5 14. b3 Nd7 15. Na4 Qg5 16. Qe2 Qf4 17. g3 Qh6 {0-1 (40) Karjakin,S (2762)-Aronian,L (2784) Berlin 2015}) 10... Bd6 11. Rab1 Be5 12. Bf4 {LiveBook: 4 Games. White has an edge.} d6 $146 ({Predecessor:} 12... Qe7 13. Bxe5 Qxe5 14. Qg3 Qxg3 15. hxg3 d5 16. exd5 cxd5 17. b3 Bd7 {½-½ (42) Potapov,P (2516)-Bosiocic,M (2599) St Petersburg 2018}) 13. Bxe5 Rxe5 14. Qg3 c5 15. f4 Re8 16. b3 Rb4 (16... Bb7 $14) 17. Qh4 (17. Rbd1 $1 $16) 17... Bb7 $14 {[%cal Rf6e4]} 18. Rbe1 Qd7 {[%cal Rf6e4]} 19. Nd5 Bxd5 20. exd5 Rd4 21. Rxe8+ Qxe8 22. Re1 Qd7 (22... Qf8 {keeps more tension.} 23. Qg3 Nxd5 24. Qh3 Nf6 25. Qe3 Nd5) 23. Rd1 ({Better is} 23. Qg3 $11) 23... h6 $15 24. c4 Kf8 25. h3 $1 a5 26. Kh2 Qe7 27. Qf2 Nd7 28. g3 g5 29. Re1 Qf6 30. Be4 $1 h5 31. Qe3 gxf4 32. gxf4 Qe7 33. Kg3 $36 {[%mdl 2048] White has good play.} h4+ 34. Kf2 Qf6 35. Rg1 a4 36. Ke2 {Bh7 is the strong threat.} a3 $2 {[%mdl 8192]} (36... Qh8 $11) 37. Bh7 $18 {[%csl Gh7][%cal Rg1g8]} Qh8 38. Rg8+ Qxg8 39. Bxg8 Nf6 {Black wants to play ...Re4.} 40. Qc1 Kxg8 41. Qxa3 {[%mdl 4096] Endgame KQ-KRN} Nh5 42. Ke3 Nxf4 43. Qa8+ Kg7 44. Qc8 $1 Ng2+ 45. Ke2 Nf4+ 46. Kf3 Ng6 47. Ke3 Ne5 48. Qf5 Rd1 49. a4 Rg1 50. Ke2 Rg3 51. a5 Rg2+ 52. Kd1 Ra2 53. Qg5+ Ng6 54. Qe3 $2 (54. Qd8 $18) 54... Ne5 $2 {[#]} (54... f5 $16 55. Qe6 Rxa5 56. Qxf5 Ra1+ 57. Kd2 Ra2+ 58. Ke3 Ne5 59. Qg5+ Kf8 60. Qd8+ Kg7 61. Qxc7+ Nf7) 55. Qc3 $2 (55. Kc1 $1 $18) 55... f5 $16 56. Kc1 ({White should try} 56. Qe3 $16 Kg6 57. Qf4) 56... f4 $11 {White must now prevent ...f3.} 57. Kb1 Rg2 {Strongly threatening ...f3.} 58. a6 $2 {[%mdl 8192]} (58. Qc1 $11 f3 59. Qf1) 58... f3 59. a7 {[#]} f2 $1 60. a8=Q f1=Q+ 61. Qc1 Qd3+ ({Less strong is} 61... Rb2+ 62. Kxb2 Nd3+ 63. Kc2 $17) 62. Ka1 Qd4+ 63. Kb1 Rg1 (63... Nd3 $142 64. Qa2 Rg1 65. Qad2 Rxc1+ 66. Qxc1 Nxc1 67. Kxc1 Qf2 68. Kd1 Kf6 69. b4 cxb4 70. c5 b3 71. c6 Kg7 72. Kc1 Qc2#) 64. Qd1 {Precision: White = 51%, Black = 49%.} 0-1

[Event "BL 2018-19"]
[Site "Berlin"]
[Date "2019.03.23"]
[Round "12.5"]
[White "Gurevich, Vladimir"]
[Black "Lai, Hing Ting"]
[Result "1/2-1/2"]
[WhiteElo "2469"]
[BlackElo "2461"]
[Annotator "TA"]
[PlyCount "42"]
[EventDate "2018.11.10"]
[EventType "team-tourn"]
[EventCountry "GER"]
[SourceTitle "playchess.com"]
[Source "ChessBase"]
[SourceQuality "1"]
[WhiteTeam "SV Hofheim"]
[BlackTeam "Muelheim"]

{[%evp 15,42,9,16,19,16,13,16,17,12,9,4,10,18,8,17,0,0,0,0,0,0,0,0,0,0,0,0,0,0]} 1. e4 g6 2. d4 Bg7 3. Nf3 d6 4. Bc4 Nf6 5. Qe2 O-O 6. e5 dxe5 {B06: Modern Defence} (6... Ne8 7. h3 c5 8. dxc5 dxe5 9. Nxe5 Qd4 10. Ng4 Bxg4 11. hxg4 Qxc5 12. Be3 Qc6 13. c3 Nd6 14. Nd2 {0-1 (62) Zubov,A (2597)-Andreikin,D (2719) St Petersburg 2018}) 7. dxe5 Nd5 8. h3 c6 {LiveBook: 44 Games. The position is equal.} 9. a4 Qc7 10. O-O Be6 11. Re1 Nd7 12. Bd2 $146 ({Predecessor:} 12. Bg5 Rfe8 13. Nbd2 f6 14. Nd4 Nf8 15. Bh4 Nf4 16. Bxe6+ N8xe6 17. Qc4 Qd7 18. Nxe6 Nxe6 19. exf6 exf6 {1-0 (47) Gosztola,I (2295)-Szobi,G (2095) Hungary 1996}) 12... a5 13. Na3 Nc5 14. b3 Rad8 15. Bxd5 Bxd5 16. Nc4 b6 17. Be3 Nd7 18. Bf4 Nc5 19. Be3 Nd7 20. Bf4 Nc5 21. Be3 $1 Nd7 {Precision: White = 81%, Black = 85%.} 1/2-1/2

[Event "BL 2018-19"]
[Site "Berlin"]
[Date "2019.03.23"]
[Round "12.5"]
[White "Bromann, Thorbjorn"]
[Black "Kollars, Dmitrij"]
[Result "0-1"]
[WhiteElo "2396"]
[BlackElo "2542"]
[Annotator "TA"]
[PlyCount "110"]
[EventDate "2018.11.10"]
[EventType "team-tourn"]
[EventCountry "GER"]
[SourceTitle "playchess.com"]
[Source "ChessBase"]
[SourceQuality "1"]
[WhiteTeam "Kiel"]
[BlackTeam "SF Deizisau"]

{[%evp 24,110,16,17,16,17,21,12,14,14,18,3,27,0,0,0,0,7,7,-19,-18,-20,0,-18,0,-13,0,-6,4,0,0,-18,0,0,0,0,0,-7,-6,-7,-4,-18,-11,-11,-11,-11,-11,-23,-22,-27,-27,-56,-49,-73,-27,-27,-17,-17,-17,-18,-18,-18,-18,-22,0,-22,-18,-18,-18,-41,-15,-15,-17,-18,-17,-217,-219,-441,-434,-459,-551,-543,-512,-503,-481,-564,-514,-562,-559]} 1. c4 Nf6 2. g3 g6 3. Bg2 Bg7 4. Nc3 O-O 5. e4 d6 6. Nge2 c5 7. O-O Nc6 8. d3 Ne8 {[%cal Bf6e8,Be8c7,Bc7e6,Be6d4][%mdl 32]} 9. Be3 Nc7 10. Qd2 Ne6 11. Bh6 Ned4 {A36: Symmetrical English vs ...g6: 4 Bg2 Bg7} 12. Bxg7 Kxg7 13. f4 {LiveBook: 10 Games} Bd7 {The position is equal.} (13... Rb8 14. Nxd4 Nxd4 15. f5 b5 16. cxb5 Nxb5 17. g4 Nd4 18. Rf2 {½-½ (32) Aronian,L (2797)-Huzman,A (2561) Caleta 2018}) 14. Nxd4 Nxd4 15. Ne2 (15. f5 {keeps more tension.} f6 16. Rf2 b5 17. cxb5 Rb8 18. Raf1) 15... Nxe2+ 16. Qxe2 e5 17. Qd2 $146 ({Predecessor:} 17. f5 f6 18. h4 {1-0 (58) Barcenilla,R (2486)-Shabalov,A (2621) Las Vegas 2002}) 17... f6 18. a4 a5 19. b3 Qe7 20. Rae1 b6 21. Qc3 Rae8 22. Rf2 Kh8 23. Ref1 Qg7 24. Qa1 Bc8 25. Qc3 Re7 26. Qa1 Ref7 27. Qc3 exf4 28. Rxf4 f5 29. Qxg7+ Kxg7 30. Rd1 g5 31. Rff1 fxe4 32. Rxf7+ Rxf7 33. dxe4 $11 {[%mdl 4096] Endgame KRB-KRB} Rf6 34. Rd5 h6 35. e5 dxe5 36. Rxe5 Re6 37. Re4 Kf6 {[#] Threatens to win with ...Rxe4.} 38. Kf2 Re5 39. Re3 Bf5 40. Rc3 Re7 41. Bd5 g4 42. Rc1 h5 43. Rc3 Kg5 44. Rc1 h4 45. Rc3 Re8 46. Rc1 Rf8 47. Ke2 Rh8 48. Bg2 Re8+ 49. Kf2 $2 {[#]} (49. Kd2 $1 $11) 49... Bd3 $1 $19 50. Bf1 $2 (50. Rd1 {was called for.} hxg3+ 51. Kxg3 Re3+ 52. Kf2) 50... hxg3+ {Black is clearly winning.} 51. hxg3 Rf8+ 52. Kg1 Rf3 53. Kg2 Be4 {...Rc3+ is the strong threat.} 54. Kh2 Rxb3 55. Re1 Bc6 {Precision: White = 43%, Black = 60%.} 0-1

[Event "BL 2018-19"]
[Site "Berlin"]
[Date "2019.03.23"]
[Round "12.5"]
[White "Gerigk, Erasmus"]
[Black "Smeets, Jan"]
[Result "0-1"]
[WhiteElo "2355"]
[BlackElo "2602"]
[Annotator "TA"]
[PlyCount "130"]
[EventDate "2018.11.10"]
[EventType "team-tourn"]
[EventCountry "GER"]
[SourceTitle "playchess.com"]
[Source "ChessBase"]
[SourceQuality "1"]
[WhiteTeam "Zugzwang Muenchen"]
[BlackTeam "Solingen"]

{[%evp 18,130,-3,-3,0,0,0,0,0,0,0,0,0,0,-24,-19,-16,-14,-18,-14,-16,-17,-20,-10,-9,-26,-26,-37,-48,-70,0,-2,-7,-8,-26,-25,-12,-12,8,0,0,-53,-41,-71,-21,-81,-9,-17,-24,-74,-21,-26,-24,-138,-138,-138,-138,-191,0,-142,0,-191,-170,-232,-213,-213,-218,-206,-133,-121,-115,-103,-118,-123,-102,-135,-124,-93,-105,-87,-92,-230,-232,-229,-227,-260,-271,-275,-200,-272,-282,-403,-386,-452,-437,-438,-443,-386,-350,-419,-342,-311,-300,-458,-456,-437,-427,-841,-810,-731,-715,-836,-815,-889,-882]} 1. e4 {[%cal Be2e4,Be4e5][%mdl 32]} c5 2. c3 Nf6 3. e5 Nd5 4. Bc4 Nb6 5. Bb3 c4 (5... Nc6 6. Nf3 d5 7. exd6 Qxd6 8. Na3 Be6 9. O-O Bxb3 10. Qxb3 e6 11. d4 cxd4 12. Nb5 Qd7 13. Nbxd4 {½-½ (13) Salgado Lopez,I (2629)-Mamedov,R (2703) St Petersburg 2018}) 6. Bc2 {B22: Sicilian: 2 c3} d5 7. exd6 Qxd6 8. Nf3 Qe6+ 9. Qe2 Qxe2+ 10. Kxe2 {LiveBook: 8 Games} Nc6 11. b3 e5 12. Na3 Be6 13. Ng5 $146 Bd5 14. bxc4 Nxc4 15. Nxc4 Bxc4+ 16. d3 Bd5 17. Bb3 Rd8 18. Be3 Be7 19. Rab1 h6 20. Nf3 b6 21. Ba4 {aiming for Nxe5.} O-O 22. Bxc6 Bxc6 23. Nxe5 Ba4 ({Better is} 23... Bxg2 $15 24. Rhg1 Bb7) 24. Kd2 $11 Rd5 25. f4 Rfd8 26. Bd4 Be8 27. Rhe1 Kf8 28. g4 b5 {[%cal Bb6b5,Bb5b4][%mdl 32]} 29. Ke3 (29. Re4 $11) 29... b4 $1 $15 {[%cal Rb4c3][%mdl 1024] [#] White must now prevent ...bxc3. Black has compensation.} 30. Red1 a5 31. Bb6 (31. Nc4 $11) 31... Rb8 (31... R8d6 $17 32. Bd4 g5) 32. Bd4 f6 33. Nf3 Bf7 (33... Ba4 $17 {And now ...Re8 would win.} 34. Rdc1 Rbd8) 34. c4 Rd7 35. Bb2 (35. Ke2 $1 $11 {keeps the balance.}) 35... Re8 $17 {[#] Strongly threatening ...Bxc4!} 36. Kf2 Red8 $36 {[%mdl 2048] Black is really pushing.} 37. Ke2 (37. Rbc1 $17) 37... Re8 38. Kf2 Red8 39. Ke2 $1 Bc5 40. Ne1 (40. Rbc1 $142) 40... Re8+ 41. Kf1 Rde7 42. Rd2 Be3 43. Re2 Bxf4 44. Rxe7 Kxe7 45. h3 Kd7 46. Ng2 Bd6 47. Re1 Rb8 48. Ne3 a4 49. Rb1 (49. Nf5 $17) 49... b3 $19 50. a3 h5 51. Kg2 Rh8 52. Rh1 Rh7 53. Rc1 Be6 54. Rh1 (54. gxh5 {was called for.} Rxh5 55. Rh1) 54... Bf4 55. Kf3 Bxe3 56. Kxe3 hxg4 {[%mdl 4096] Endgame KRB-KRB} 57. h4 Ke7 58. Kf2 Rh5 59. Kg2 Kf7 60. Bc3 (60. Ba1 $142) 60... Bf5 {Black is clearly winning.} 61. Kg3 Bxd3 62. Kxg4 (62. Ba1 $142) 62... Rc5 63. Kg3 Rxc4 64. Bb2 Rc2 65. Rh2 Be2 {Precision: White = 43%, Black = 68%.} 0-1

[Event "BL 2018-19"]
[Site "Berlin"]
[Date "2019.03.23"]
[Round "12.6"]
[White "Bacrot, Etienne"]
[Black "Engel, Luis"]
[Result "1/2-1/2"]
[WhiteElo "2677"]
[BlackElo "2459"]
[Annotator "TA"]
[PlyCount "84"]
[EventDate "2018.11.10"]
[EventType "team-tourn"]
[EventCountry "GER"]
[SourceTitle "playchess.com"]
[Source "ChessBase"]
[SourceQuality "1"]
[WhiteTeam "Baden-Baden"]
[BlackTeam "Hamburg SK"]

{[%evp 21,84,0,2,0,0,-35,-27,-37,-27,-34,-7,-20,0,-24,37,-7,0,-18,-30,-30,-8,-54,-22,-21,-20,-139,-147,-150,-152,-155,-134,-129,-139,-125,-56,-56,-69,-131,-135,-133,-42,-45,-27,-31,-21,-32,0,0,0,0,0,0,0,0,60,64,63,0,0,0,0,0,0,0,0]} 1. e4 c5 2. Nf3 d6 3. Bb5+ Nd7 4. O-O a6 5. Bd3 Ngf6 6. c3 b5 7. Bc2 Bb7 8. Qe2 e6 9. d4 {B51: Sicilian: Moscow Variation (3 Bb5+) without 3...Bd7} Be7 10. Nbd2 Qc7 11. Bd3 O-O {LiveBook: 10 Games} 12. b3 b4 $146 ({Predecessor:} 12... e5 13. d5 Nh5 14. g3 f5 15. exf5 Bxd5 16. c4 Bb7 17. Ne4 Qc6 18. Nfg5 Bxg5 19. Bxg5 Nhf6 {1-0 (19) Svetushkin,D (2592)-Roig Aguilar,A (2283) Lorca 2018}) 13. c4 cxd4 14. Nxd4 d5 15. Bb2 dxe4 16. Nxe4 Qf4 {[%cal Rf6e4]} 17. g3 Qh6 (17... Qc7 $11) 18. Rad1 Nc5 $36 {[%mdl 2048] Black is pushing.} 19. Nxf6+ Bxf6 20. Bc2 Rad8 21. f3 Rd7 22. Bc1 Qh5 23. g4 (23. Be3 $11) 23... Qh3 $17 24. Be3 Rfd8 {[%cal Rd7d4]} 25. Nc6 Bxc6 26. Bxc5 Rxd1 27. Bxd1 Bd4+ (27... h5 $17 {...hxg4 is the strong threat.} 28. gxh5 a5) 28. Bxd4 $15 Rxd4 29. Qf2 (29. Bc2 $15) 29... e5 $17 30. Be2 {[#]} Qh6 ({Don't play} 30... Rd2 $6 31. Qb6 $11) (30... h5 $1 $17 31. Qg3 Qxg3+ 32. hxg3 Rd2) 31. Rd1 $15 Rxd1+ 32. Bxd1 Qc1 33. Qe2 f6 34. Qd3 Kf7 35. Qd6 e4 36. Kf2 Qb2+ 37. Kg3 {[#] Strongly threatening Qc7+.} Qe5+ (37... exf3 $11 38. Bxf3 (38. Qxc6 Qg2+ 39. Kf4 Qd2+ 40. Kxf3 Qxd1+ 41. Kg3 Qg1+ 42. Kh3 Qe3+ 43. Kg2 Qe2+ 44. Kg3 Qe3+ 45. Qf3 Qc3 $11) 38... Bxf3 39. Kxf3 Qxa2 40. Qd7+ Kf8 41. Qd8+ Kf7 42. Qd5+ Kf8) 38. Qxe5 $14 fxe5 {[%cal Bf6e5,Be5e4][%mdl 32]} 39. Kf2 ({Better is} 39. f4 $14) 39... exf3 $11 {The position is equal.} 40. Bxf3 e4 41. Bd1 Ke6 42. Ke3 Ke5 {Precision: White = 47%, Black = 44%.} 1/2-1/2

[Event "BL 2018-19"]
[Site "Berlin"]
[Date "2019.03.23"]
[Round "12.6"]
[White "Nikolic, Predrag"]
[Black "Hoffmeyer, Falk"]
[Result "1-0"]
[WhiteElo "2576"]
[BlackElo "2337"]
[Annotator "TA"]
[PlyCount "151"]
[EventDate "2018.11.10"]
[EventType "team-tourn"]
[EventCountry "GER"]
[SourceTitle "playchess.com"]
[Source "ChessBase"]
[SourceQuality "1"]
[WhiteTeam "Solingen"]
[BlackTeam "Zugzwang Muenchen"]

{[%evp 14,151,22,30,15,13,13,13,9,12,15,8,13,20,22,0,20,29,19,11,33,33,33,32,33,29,31,18,25,22,25,0,8,0,0,6,21,27,29,29,53,2,2,2,8,4,14,0,5,0,18,18,10,0,166,152,152,142,135,130,197,197,170,160,163,154,184,184,238,181,209,185,184,184,184,100,100,100,100,24,35,24,31,31,126,126,126,126,126,126,126,126,126,126,126,75,82,82,82,82,169,169,169,169,345,89,474,169,169,169,169,169,169,169,169,169,177,169,169,169,804,571,1014,1007,29976,29977,29974,29975,29979,29980,29980,29981,29981,29982,29982,29983,29988,29987,29996,29997]} 1. d4 d5 2. c4 e6 3. Nc3 Nf6 4. Bg5 Be7 5. e3 Nbd7 6. Nf3 h6 7. Bh4 O-O 8. Rc1 c5 {D63: Queen's Gambit Declined: Classical: 7 Rc1} 9. cxd5 (9. dxc5 Nxc5 10. cxd5 g5 11. Bg3 Nxd5 12. Nxd5 Qxd5 13. Qxd5 exd5 14. Nd4 Bd7 15. Be2 Rac8 16. O-O {½-½ (31) Ivanchuk,V (2710)-Yu,Y (2765) Batumi 2018}) 9... Nxd5 10. Bxe7 Nxe7 {The position is equal.} 11. Bb5 cxd4 12. Nxd4 Nf6 13. O-O Bd7 14. Qb3 {[#]} Ned5 $146 ({Predecessor:} 14... Bxb5 15. Qxb5 Qb8 16. Na4 {½-½ (29) Cori Tello,J (2657)-Bruzon Batista,L (2660) Saint Louis 2017}) 15. Nxd5 Nxd5 16. Be2 Qb6 17. Qxb6 axb6 18. a3 Rfc8 19. Bf3 Rc5 20. g3 Rac8 21. Rcd1 R8c7 22. Rd2 Kf8 23. Rfd1 Ba4 24. b3 Be8 25. b4 Rc1 26. Bxd5 exd5 27. Kf1 ({White should play} 27. Ne2 $14 Rxd1+ 28. Rxd1) 27... Ba4 $11 28. Rxc1 Rxc1+ {[%mdl 4096] Endgame KRB-KRN} 29. Ke2 g6 30. h4 Ke7 31. Rd3 Ra1 32. Rc3 Kd6 33. Kf3 Ra2 $2 {[#]} (33... Bd7 $11) 34. Rc8 $1 $18 Rxa3 35. Rf8 Ke7 36. Rb8 b5 (36... Bd1+ $16 37. Kg2 Bg4 38. Rxb7+ {[%mdl 64] Double Attack} Kf6 39. Rxb6+ Ke5) 37. Rxb7+ Kf6 38. Rb6+ Kg7 39. g4 Ra2 40. Nxb5 Bxb5 41. Rxb5 {KR-KR} Rd2 42. Rc5 d4 43. b5 d3 44. Ke4 (44. e4 $18) 44... Rc2 $16 45. Rd5 d2 46. f4 ({Better is} 46. Kf3 $16) 46... Rb2 47. Kf3 Rxb5 48. Rxd2 Rb1 (48... h5 $14) 49. Rd5 Rh1 50. h5 Rf1+ 51. Kg2 Ra1 52. hxg6 Kxg6 53. Rd6+ Kg7 54. e4 (54. Rd7 $142) 54... Ra4 55. Kf3 Ra3+ 56. Kf2 Rb3 (56... Ra4 $16 {is a better defense.}) 57. e5 $18 Ra3 58. Rd7 {Threatens to win with e6.} Kg8 $2 (58... Ra4) 59. Rc7 $2 (59. Rd8+ $18 Kh7 60. Rd7) 59... Rb3 $2 {[%mdl 8192]} (59... h5 $16 {is a better chance.}) 60. Rc1 $2 (60. Rc8+ Kh7 61. Rc7) 60... Kg7 61. Re1 Ra3 62. Re3 Ra1 63. Kf3 Ra4 64. Rd3 Rb4 65. Ke3 Ra4 66. Rd7 Ra6 $2 (66... Ra1 67. Ke4 Rb1) 67. f5 Kg8 68. Rd8+ Kg7 69. f6+ {White mates.} Kh7 70. Rf8 Ra7 71. Kf4 Rb7 72. Kf5 Ra7 {[#]} 73. Rxf7+ $3 {[%mdl 512]} Rxf7 74. e6 Kg8 75. Kg6 Ra7 76. e7 {Accuracy: White = 54%, Black = 47%.} 1-0

[Event "BL 2018-19"]
[Site "Berlin"]
[Date "2019.03.23"]
[Round "12.6"]
[White "Graf, Alexander"]
[Black "Junge, Ralph"]
[Result "1-0"]
[WhiteElo "2562"]
[BlackElo "2270"]
[Annotator "TA"]
[PlyCount "71"]
[EventDate "2018.11.10"]
[EventType "team-tourn"]
[EventCountry "GER"]
[SourceTitle "playchess.com"]
[Source "ChessBase"]
[SourceQuality "1"]
[WhiteTeam "SF Deizisau"]
[BlackTeam "Kiel"]

{[%evp 9,71,102,78,77,108,77,87,74,77,54,60,62,64,56,57,60,70,44,37,36,49,0,0,0,19,-2,51,37,39,30,58,-60,-68,-61,-58,-125,-60,-192,-187,-193,-185,-184,-118,-106,-91,-91,-86,-103,-108,-100,-90,-97,-92,-74,0,-2,0,0,543,537,559,550,29992,29992]} 1. Nf3 g6 2. e4 Nf6 (2... d6 3. d4 Nf6 4. Nc3 Bg7 5. Be2 O-O 6. O-O a6 7. h3 b5 8. e5 Nfd7 9. exd6 cxd6 10. Re1 Bb7 11. Bf1 Nf6 12. Bg5 Nbd7 13. a3 h6 14. Bf4 Nb6 15. Nh2 {0-1 (35) Wang,H (2730)-Andreikin,D (2719) St Petersburg 2018}) 3. e5 Nd5 4. c4 Nb6 5. c5 Nd5 6. Bc4 {B06: Modern Defence} c6 7. d4 Bg7 8. Bxd5 $146 {White is better.} ({Predecessor:} 8. Nc3 Nxc3 9. bxc3 O-O 10. Bf4 b6 11. cxb6 axb6 12. O-O {0-1 (31) Todorov,O (2250)-Petrov,M (2470) Primorsko 2017}) 8... cxd5 9. Nc3 b6 10. cxb6 Qxb6 11. O-O Bb7 12. Na4 Qd8 13. b4 Ba6 14. Re1 O-O 15. Nc5 Bc4 $1 16. a4 d6 17. Nb3 Nc6 ({Black should play} 17... Qb6 $11) 18. b5 $14 Nb4 19. Bg5 {[#] And now exd6 would win.} Qd7 20. Qd2 (20. exd6 $14 exd6 21. Qd2) 20... Nd3 $36 {[%mdl 2048] White is under pressure.} 21. Re3 f6 22. e6 (22. Bxf6 $15 exf6 23. e6) 22... Qe8 (22... Qc7 $17 23. Rxd3 fxg5) 23. Bh4 (23. Rxd3 $15 Bxd3 24. Qxd3 fxg5 25. Nxg5) 23... Bh6 $19 {[%mdl 64] [#] Skewer} ({Don't do} 23... Bxb3 24. Rxd3 Bc4 25. Rc3 $17) 24. Na5 Bxe3 25. Qxe3 g5 ({Better is} 25... Qb8 $19 {aiming for ...a6.} 26. Nc6 Qb7) 26. Bg3 $17 Qg6 27. Nc6 Rfe8 28. h4 {[%cal Rh4g5]} h6 29. Ne1 Nxe1 30. Rxe1 Kh7 31. Qd2 Qd3 (31... gxh4 $17 32. Bxh4 Rg8) 32. Qa5 $1 $11 a6 {[%cal Ra6b5]} 33. Qc7 Rac8 $2 {[%mdl 8192]} ({Of course not} 33... axb5 $6 34. Nxe7 Kh8 35. axb5 $16) (33... Qc3 $1 $11 {and Black stays safe.} 34. f3 Bd3) 34. Qd7 $18 axb5 35. Nxe7 Ra8 36. Nc8+ {[%mdl 64] Discovered Attack. Accuracy: White = 57%, Black = 53%.} 1-0

[Event "BL 2018-19"]
[Site "Berlin"]
[Date "2019.03.23"]
[Round "12.6"]
[White "Hausrath, Daniel"]
[Black "Margolin, Boris"]
[Result "0-1"]
[WhiteElo "2493"]
[BlackElo "2386"]
[Annotator "TA"]
[PlyCount "110"]
[EventDate "2018.11.10"]
[EventType "team-tourn"]
[EventCountry "GER"]
[SourceTitle "playchess.com"]
[Source "ChessBase"]
[SourceQuality "1"]
[WhiteTeam "Muelheim"]
[BlackTeam "SV Hofheim"]

{[%evp 9,110,19,26,-17,-23,-14,0,-24,-27,-28,-33,-49,-42,-33,-22,-23,-27,-35,-32,-62,-54,-48,-48,-47,-50,-54,-53,-57,-37,-37,-37,-43,-39,-37,-30,-70,-60,-81,0,0,0,0,0,-13,-4,-4,-7,-13,0,-18,-18,-17,0,-47,-29,-64,-64,-64,-64,-64,-70,-81,-81,-94,-93,-182,-160,-155,-141,-154,-155,-264,-260,-223,-134,-244,-231,-285,-280,-254,-176,-168,-122,-248,-247,-245,-238,-335,-318,-313,-299,-381,-357,-355,-345,-323,-293,-274,-239,-578,-547,-919,-907]} 1. Nf3 d5 2. g3 Nc6 3. d4 Bg4 4. Bg2 Qd7 5. h3 Bxf3 6. Bxf3 {D02: 1 d4 d5 2 Nf3 sidelines, including 2...Nf6 3 g3 and 2...Nf6 3 Bf4} O-O-O 7. Bg2 Kb8 $146 ({Predecessor:} 7... e5 8. dxe5 Nxe5 9. O-O Bc5 10. c4 dxc4 11. Qc2 Ne7 12. Bf4 N7g6 13. Bxe5 Nxe5 {1-0 (45) Wen,Y (2593)-Lenderman,A (2548) Ningbo 2013}) 8. Nc3 {The position is equal.} e6 9. a3 f5 10. b3 Nf6 11. Bb2 Be7 12. e3 g5 13. Ne2 h5 14. Qd3 h4 15. gxh4 Rxh4 16. O-O-O Ne4 17. Rdf1 a6 18. Kb1 Rdh8 19. f3 Nd6 20. Nc3 Rd8 21. Rd1 Qe8 22. Rhe1 Qf8 23. Ka2 Na7 ({Black should play} 23... f4 $17 24. e4 dxe4 25. fxe4 Nf7) 24. e4 $11 Ndb5 25. Nxb5 Nxb5 26. a4 Na7 27. exd5 exd5 28. Re6 Nc6 29. Qe2 Bd6 30. c3 Rh8 31. Qc2 Re8 32. Rde1 Rxe6 33. Rxe6 Qf7 34. Re2 f4 35. Bf1 Ne7 {[%cal Bc6e7,Be7f5,Bf5e3][%mdl 32]} 36. Re1 Nf5 37. Qg2 (37. Bc1 $17) 37... Ne3 38. Qxg5 Be7 $36 {[%mdl 2048] Black has strong initiative.} 39. Qg1 Bh4 {[%mdl 1024] Black has strong compensation.} 40. Rc1 (40. Rb1 $17) 40... Rg8 $19 41. Qh2 Qf5 42. Qd2 (42. Qe2 $17 {keeps fighting.}) 42... Rg3 43. Bd3 Qxh3 44. c4 Rxf3 45. Qb4 Qd7 46. c5 {[#]} (46. Rh1 $17 Qe7 47. c5) 46... Qc6 $1 47. Rh1 Ng2 48. Bf5 (48. Bc2 $142) 48... Rf2 49. Qc3 Ka7 50. Ka3 Qf6 51. Bd3 Rf3 {Hoping for ...Ne1!} 52. Qd2 Ne1 53. Be2 Re3 54. Bg4 $2 {[#]} (54. Ka2 {nothing else works.}) 54... Nd3 55. Ba1 Be1 {Accuracy: White = 38%, Black = 81%.} 0-1

[Event "BL 2018-19"]
[Site "Berlin"]
[Date "2019.03.23"]
[Round "12.7"]
[White "Sebastian, Dirk"]
[Black "Gustafsson, Jan"]
[Result "1/2-1/2"]
[WhiteElo "2442"]
[BlackElo "2641"]
[Annotator "TA"]
[PlyCount "40"]
[EventDate "2018.11.10"]
[EventType "team-tourn"]
[EventCountry "GER"]
[SourceTitle "playchess.com"]
[Source "ChessBase"]
[SourceQuality "1"]
[WhiteTeam "Hamburg SK"]
[BlackTeam "Baden-Baden"]

{[%evp 23,40,0,0,0,0,0,6,13,22,21,32,33,57,69,66,79,157,170,159]} 1. e4 e5 2. Nf3 Nc6 3. Bc4 Bc5 4. c3 {[%cal Bc2c3,Bc3d4][%mdl 32]} Nf6 5. d4 exd4 6. e5 d5 7. Bb5 Ne4 8. cxd4 Bb6 9. Nc3 O-O 10. Be3 {C54: Giuoco Piano: 4 c3 Nf6, main lines with 5 d4 and 5 d3} Bg4 11. h3 Bh5 12. Qc2 Ba5 {LiveBook: 10 Games} 13. O-O Bxf3 14. gxf3 {[%cal Bg2f3,Bf3f4,Bf4e5][%mdl 32] [#]} Nxc3 $146 ({Predecessor:} 14... Nxd4 15. Bxd4 Bxc3 16. bxc3 Qg5+ 17. Kh1 Qf5 18. fxe4 Qxh3+ 19. Kg1 Qg4+ 20. Kh1 Qh3+ 21. Kg1 Qg4+ 22. Kh1 Qh3+ 23. Kg1 {½-½ (23) Xu,Y (2522)-Malakhov,V (2689) China 2018}) 15. bxc3 f6 16. f4 fxe5 17. fxe5 Qh4 {[#] Strongly threatening ...Rf3.} 18. Bxc6 bxc6 19. Kg2 $1 g5 (19... Rab8 $142) 20. f3 $16 Rae8 1/2-1/2